000
00266nam a22000977a 4500
008
230607b |||||||| |||| 00| 0 eng d
020
_a
9789386041920
100
_a
Stilton Geronimo
_9
7367
245
_a
Cavemice (Sea Monster Surprise)
260
_a
India
_b
Repro India
_c
2017
999
_c
12309
_d
12309